Sabre Laser des Personnages dans l'Univers Star Wars - Statistiques

Statistiques générales
  • Ce quiz a été pris 1 619 fois
    1 618 depuis la dernière actualisation
  • Le résultat moyen est 9 sur 17
Statistiques - réponses
Par images Réponse % Correct
Yoda
85%
Anakin Skywalker
83%
Dark Maul
81%
Obiwan Kenobi
81%
Kylo Ren
77%
Luke Skywalker
63%
Ezra Bridger
59%
Dark Vador
57%
Inquisiteur
52%
Dark Sidious
51%
Comte Dooku
49%
Asajj Ventress
46%
Mace Windu
44%
Ahsoka Tano
39%
Qui Gon Jin
35%
Ki Adi Mundi
5%
Tarre Vizsla
4%
Aucun quiz correspondant
Distribution des résultats
% des personnes avec chaque résultat
Percentile par nombre de réponses
Votre historique - résultats
Vous n’avez pas pris ce quiz depuis la dernière actualisation